KOHA-Header-6

Advanced Corporate Finance (Record no. 9547)

000 -LEADER
fixed length control field 00264nam a2200109Ia 4500
100 ## - MAIN ENTRY--AUTHOR NAME
Personal name Joseph P.Ogden
245 #0 - TITLE STATEMENT
Title Advanced Corporate Finance
260 ## - PUBLICATION, DISTRIBUTION, ETC. (IMPRINT)
Place of publication New Delhi
Name of publisher Pearson
Year of publication 1983
300 ## - PHYSICAL DESCRIPTION
Number of Pages 448
942 ## - ADDED ENTRY ELEMENTS (KOHA)
Koha item type Books
Holdings
Withdrawn status Lost status Collection code Permanent Location Current Location Shelving location Date acquired Full call number Accession Number Koha item type
    Banking MAJU MAJU Shelf No.A45 2019-09-14 658.15 5363 Banking

Powered by Koha